Score 0/20 Timer 03:00
0 Plays Today
% Correct
Foot
98.5%
Face
97.1%
Flour
89.4%
Fowl
87%
Feta
86.6%
Finch
86.4%
Femur
81.4%
Falcon
81.4%
Fries
79.8%
Foci
75.8%
% Correct
Frankfurter
74.2%
Forearm
72.5%
Fingernail
63.8%
Fraction
62.1%
Function
60.7%
Fajitas
60.4%
Flamingo
38.7%
Formula
38.2%
Fourteen
8.4%
Frigatebird
6.5%

You're not logged in!

Compare scores with friends on all Sporcle quizzes.
OR
Log In

Sporcle TV

Today on Sporcle TV


Watch our educational content, quiz creation guides, and fun videos on Sporcle TV.

Show Comments

Extras

Top Quizzes Today


Score Distribution

Your Account Isn't Verified!

In order to create a playlist on Sporcle, you need to verify the email address you used during registration. Go to your Sporcle Settings to finish the process.

Report this User

Report this user for behavior that violates our Community Guidelines.

Details: